Oeuvres Complètes
I tiakina i:
| Kaituhi matua: | |
|---|---|
| Hōputu: | Pukapuka |
| Reo: | Rātini Wīwī |
| I whakaputaina: |
París
Chez Firmin Didot
1881
|
| Putanga: | 1a. ed |
| Rangatū: | Collection des Auteurs Latins, 14
|
| Ngā marau: | |
| Ngā Tūtohu: |
Tāpirihia he Tūtohu
Kāore He Tūtohu, Me noho koe te mea tuatahi ki te tūtohu i tēnei pūkete!
|
MARC
| LEADER | 00000nam a2200000 a 4500 | ||
|---|---|---|---|
| 001 | UCJ8510 | ||
| 003 | CL-VaPUC | ||
| 008 | 070124e18810000FR |||||||||||||||||lat|d | ||
| 041 | 0 | 7 | |a lat |2 CL-VaPUC |
| 041 | 0 | 7 | |a fre |2 CL-VaPUC |
| 082 | 0 | 4 | |a 870 |b OVI |2 21 |
| 100 | |a Ovidio Nasón, Publio |e auteur |9 347163 | ||
| 245 | 1 | 0 | |a Oeuvres Complètes |
| 250 | |a 1a. ed | ||
| 300 | |a 809 p | ||
| 942 | |c BK | ||
| 945 | |d 20070124 00:00:00 |a rinostro | ||
| 260 | |a París |b Chez Firmin Didot |c 1881 | ||
| 500 | |a Ex libris de Blanca Vergara Errázuriz, descendiente directa de los Vergara que fundaron la ciudad de Viña del Mar | ||
| 600 | 0 | 7 | |a VERGARA ERRAZURIZ, BLANCA |2 CL-VaPUC |9 517278 |
| 650 | 7 | |a CLASICOS LATINOS |2 CL-VaPUC |9 505304 | |
| 650 | 0 | |a Literatura latina |9 258055 | |
| 650 | 7 | |a EX LIBRIS |2 CL-VaPUC |9 505186 | |
| 583 | |a last modification |c 20190801 09:48:04 |k Rodrigo Vera | ||
| 490 | 0 | |a Collection des Auteurs Latins, 14 | |
| 999 | |c 324195 |d 324193 | ||
| 952 | |0 0 |1 0 |4 0 |6 870_000000000000000_OVI_1881 |7 0 |8 X |9 404162 |a FDOBUD |b FDOBUD |d 2019-11-22 |i 1079034 |o 870 OVI 1881 |p 1079034 |r 2019-11-22 |w 2019-11-22 |y BK_X |k BUD | ||